Tikki Tikki Tembo (Record no. 2477)

MARC details
000 -LEADER
fixed length control field 01002cam a22002771 4500
005 - DATE AND TIME OF LATEST TRANSACTION
control field 20260319110858.0
020 ## - INTERNATIONAL STANDARD BOOK NUMBER
International Standard Book Number 0590416227
040 ## - CATALOGING SOURCE
Original cataloging agency DLC
Transcribing agency DLC
Modifying agency DLC
Language of cataloging eng
050 00 - LIBRARY OF CONGRESS CALL NUMBER
Classification number PZ8.1.M8346
082 00 - DEWEY DECIMAL CLASSIFICATION NUMBER
Classification number 398.270951
100 1# - MAIN ENTRY--PERSONAL NAME
Personal name Mosel, Arlene
245 10 - TITLE STATEMENT
Title Tikki Tikki Tembo
Statement of responsibility, etc. retold by Arlene Mosel. Illustrated by Blair Lent
250 ## - EDITION STATEMENT
Edition statement First edition
260 ## - PUBLICATION, DISTRIBUTION, ETC.
Place of publication, distribution, etc. New York
Name of publisher, distributor, etc. Holt, Rinehart and Winston
Date of publication, distribution, etc. 1968
300 ## - PHYSICAL DESCRIPTION
Extent 45 pages :
Other physical details color illustrations ;
Dimensions 24 cm
500 ## - GENERAL NOTE
General note Adaptation of a Chinese folktale.
505 ## - FORMATTED CONTENTS NOTE
Formatted contents note Z <br/>
520 ## - SUMMARY, ETC.
Summary, etc. When the eldest son fell in the well and most of the time getting help was spent pronouncing the name of the one in trouble, the Chinese, according to legend, decided to give all their children short names.
521 ## - TARGET AUDIENCE NOTE
Target audience note 910 AD <br/><br/>
Source Lexile <br/>
521 ## - TARGET AUDIENCE NOTE
Target audience note Z <br/>
Source Raz-Plus <br/>
650 #1 - SUBJECT ADDED ENTRY--TOPICAL TERM
Topical term or geographic name entry element Folklore
Geographic subdivision China
700 1# - ADDED ENTRY--PERSONAL NAME
Personal name Lent, Blair
Relator term illustrator
906 ## - LOCAL DATA ELEMENT F, LDF (RLIN)
a 7
b cbc
c orignew
d u
e ocip
f 19
g y-gencatlg
942 ## - ADDED ENTRY ELEMENTS (KOHA)
Source of classification or shelving scheme Dewey Decimal Classification
Koha item type Books
Suppress in OPAC No
999 ## -
-- 2477
-- 2477
Holdings
Withdrawn status Lost status Source of classification or shelving scheme Damaged status Not for loan Collection Home library Current library Shelving location Date acquired Total Checkouts Full call number Barcode Date last seen Copy number Price effective from Koha item type
    Dewey Decimal Classification     Juvenile Fiction Footprints International School Library Network Toul Tom Poung Campus Footprints International School Library Network Toul Tom Poung Campus TTP Secondary Fiction Bookshelves 08/28/2025   MOS Fic PZ8.M8346 FISTK01698 12/11/2023 1 08/28/2025 Books
    Dewey Decimal Classification     Juvenile Fiction Footprints International School Library Network Toul Tom Poung Campus Footprints International School Library Network Toul Tom Poung Campus TTP Secondary Fiction Bookshelves 03/19/2026   MOS Fic PZ8.M8346 FISBK02427 03/19/2026 2 03/19/2026 Books